Design presentations for architects (Record no. 39761)

MARC details
000 -LEADER
fixed length control field 00589nam a2200157 a 4500
008 - FIXED-LENGTH DATA ELEMENTS--GENERAL INFORMATION
fixed length control field 120416s1987 ||||||||||||||||| || u
020 ## - INTERNATIONAL STANDARD BOOK NUMBER
International Standard Book Number 0442291507
050 ## - LIBRARY OF CONGRESS CALL NUMBER
Classification number NA 2700 Wah
100 ## - MAIN ENTRY--PERSONAL NAME
Personal name Wahl, Michael Ivor, 1943-
245 10 - TITLE STATEMENT
Title Design presentations for architects
260 ## - PUBLICATION, DISTRIBUTION, ETC.
Place of publication, distribution, etc. New York
Name of publisher, distributor, etc. Van Nostrand Reinhold
Date of publication, distribution, etc. 1987
300 ## - PHYSICAL DESCRIPTION
Extent viii, 134p. : ill.
350 ## - PRICE (NR) (BK AM CF MU VM SE) [OBSOLETE]
Price 0.00
650 ## - SUBJECT ADDED ENTRY--TOPICAL TERM
Topical term or geographic name entry element ARCHITECTURE--DESIGNS AND PLANS--PRESENTATION DRAWINGS
995 ## - RECOMMENDATION 995 [LOCAL, UNIMARC FRANCE]
-- 0.00
-- CBU-MAIN LIBRARY (Kitwe)
-- 1
-- 15.50
-- DAMAGED
-- Main Library Open Access Collection
Holdings
Withdrawn status Lost status Source of classification or shelving scheme Damaged status Not for loan Home library Current library Shelving location Date acquired Total Checkouts Full call number Barcode Date last seen Price effective from Koha item type
          CBU-MAIN LIBRARY, KITWE. CBU-MAIN LIBRARY, KITWE.   11/30/2022   NA 2700 Wah 025596 11/30/2022 11/30/2022 MONOGRAPH